000 00519nam a2200181Ia 4500
001 17180
005 20260306170406.0
008 260306t1990||||xx |||||||||||||| ||und||
041 _aESP
082 _a657.48
_bV66
100 _aVillanueva Sotelo, J. V.
_eAUT
245 0 _aEquilibrio de los flujos de fondos texto impreso:
_bPoder adquisitivo empresarial: fondos. Tipo de conversión: flujo
260 _c1990
300 _a208 pƔginas :
_c23 cm.
650 _aGEN
654 _aCCO
942 _cLIB
_dJUS
_fJUS
_2ddc
_n
999 _c17180
_d17180